International Tables for Crystallography : Volume H : Powder Diffraction /

Gespeichert in:
Bibliographische Detailangaben
Weitere Verfasser: Gilmore, C.J (Herausgegeben von), Kaduk, J.A (Herausgegeben von), Schenk, H. (Herausgegeben von)
Format: Buch
Sprache:Englisch
Veröffentlicht: Hoboken Wiley 2019
Ausgabe:1st Ed.
Schlagworte:
Tags: Tag hinzufügen
Keine Tags, Fügen Sie das erste Tag hinzu!

MARC

LEADER 00000nam a22000003a 4500
001 0094241
003 SK-STU
005 20220225124758.3
007 ta
008 220225s ----xo-----e------000-0-----d
020 |a 978-1-118-41628-0 
022 |a 1574-8707 
040 |a STU  |b slo 
041 0 |a eng 
044 |a xxu 
100 1 |a Gilmore, C.J.  |4 edt 
245 1 0 |a International Tables for Crystallography :  |b Volume H : Powder Diffraction / 
250 |a 1st Ed. 
260 |a Hoboken  |b Wiley  |c 2019 
300 |a 904 s. 
650 0 7 |a kryštalografia 
700 1 |a Kaduk, J.A.  |4 edt 
700 1 |a Schenk, H.  |4 edt 
996 |b 284M089029  |c M* 14617/9-1  |l MMKN  |s A  |a 24  |w 0094241_0001